000 00853nam a2200253Ia 4500
003 OSt
005 20220930064410.0
006 a|||||r|||| 00| 0
007 ta
008 220926b |||||||| |||| 00| 0 eng d
024 _a4160
037 _cTheses
040 _aCRL
_cCRL
_beng
041 _2eng
_aeng
100 _aGupta Dipendra Kumar
_9524437
110 _aUniversity of Delhi. Faculty of Medical Sciences. Department of Medicine
245 0 _aDiagnostic efficacy of adenosine deaminase to differentiate tuberculous effusions from non-tuberculous effusions
260 _c1986
650 _aMEDICINE
700 _a Dr B S Kanwar Supervisor
_9524438
700 _aUniversity of Delhi. Faculty of Medical Sciences. Department of Medicine
942 _cDIS
_2CC
999 _c858133
_d858133